| 000 | 00656nam a2200205 i 4500 | ||
|---|---|---|---|
| 001 | 42731 | ||
| 003 | ES-MaACL | ||
| 005 | 20230906160653.0 | ||
| 007 | t| | ||
| 008 | 030313s1979 sp ||||1| spa d | ||
| 100 | 1 |
_aCastro, Concepción de. _936842 |
|
| 245 | 1 | 3 |
_aLa Revolución liberal y los municipios españoles (1812-1868) / _cConcepción de Castro. |
| 260 |
_a[Madrid] : _bAlianza, _c[1979] |
||
| 300 |
_a236 p. ; _c20 cm. |
||
| 490 | 1 |
_aAlianza universidad ; _v249 |
|
| 650 | 4 |
_aAdministración local- _zEspaña- _yS.XIX. _9165454 |
|
| 830 | 0 |
_aAlianza universidad ; _v249 _9177276 |
|
| 852 |
_aES-MaACL _jA-10454 _bR.99803 |
||
| 999 |
_c42731 _d42731 |
||